Magic in the playroom (Record no. 72542)

MARC details
000 -LEADER
fixed length control field 00658nam a2200241 i 4500
001 - CONTROL NUMBER
control field C2-0261998
003 - CONTROL NUMBER IDENTIFIER
control field PPAK
005 - DATE AND TIME OF LATEST TRANSACTION
control field 20180727231258.0
008 - FIXED-LENGTH DATA ELEMENTS--GENERAL INFORMATION
fixed length control field 050116s2002 njua|||| ||||| | eng d
020 ## - INTERNATIONAL STANDARD BOOK NUMBER
International Standard Book Number 0755409094
040 ## - CATALOGING SOURCE
Original cataloging agency PPAK
Language of cataloging eng
Transcribing agency PPAK
Description conventions rda
082 04 - DEWEY DECIMAL CLASSIFICATION NUMBER
Classification number 823
Edition number 23
090 00 - LOCALLY ASSIGNED LC-TYPE CALL NUMBER (OCLC); LOCAL CALL NUMBER (RLIN)
Classification number (OCLC) (R) ; Classification number, CALL (RLIN) (NR) 823
Feature heading BLY
Feature heading K
100 1# - MAIN ENTRY--PERSONAL NAME
Personal name Blyton, Enid,
Relator term author
245 10 - TITLE STATEMENT
Title Magic in the playroom
264 #1 - PRODUCTION, PUBLICATION, DISTRIBUTION, MANUFACTURE, AND COPYRIGHT NOTICE
Place of production, publication, distribution, manufacture New Jersey :
Name of producer, publisher, distributor, manufacturer Grandreams Books ,
Date of production, publication, distribution, manufacture, or copyright notice 2002
300 ## - PHYSICAL DESCRIPTION
Extent 20 pages :
Other physical details colour illustrations ;
Dimensions 21 cm
336 ## - CONTENT TYPE
Source rdacontent
Content type term text
337 ## - MEDIA TYPE
Source rdamedia
Media type term unmediated
338 ## - CARRIER TYPE
Source rdacarrier
Carrier type term volume
650 10 - SUBJECT ADDED ENTRY--TOPICAL TERM
Topical term or geographic name entry element Children's stories, English
942 ## - ADDED ENTRY ELEMENTS (KOHA)
-- dc
Koha item type Book
Holdings
Withdrawn Not for loan Current library Shelving location Date acquired Total Checkouts Total Renewals Full call number Barcode Date last seen Date last checked out Koha item type
    Perpustakaan Alor Setar Pinjaman Kanak-kanak 07/11/2007 4 1 K 823 BLY A01207250 12/07/2025 21/06/2025 Book
    Perpustakaan Baling Pinjaman Kanak-kanak 07/11/2007     K 823 BLY A01207257 09/05/2018   Book
    Perpustakaan Bandar Baharu Pinjaman Kanak-kanak 07/11/2007     K 823 BLY A01207258 09/05/2018   Book
    Perpustakaan Jitra Pinjaman Kanak-kanak 07/11/2007     K 823 BLY A01207252 09/05/2018   Book
    Perpustakaan Kuala Nerang Pinjaman Kanak-kanak 07/11/2007     K 823 BLY A01207259 09/05/2018   Book
    Perpustakaan Kulim Pinjaman Kanak-kanak 07/11/2007 3 1 K 823 BLY A01207254 27/04/2025 13/04/2025 Book
    Perpustakaan Langkawi Pinjaman Kanak-kanak 07/11/2007 2   K 823 BLY A01207253 02/02/2025 22/01/2025 Book
    Perpustakaan Merbok Pinjaman Kanak-kanak 25/09/2006     K 823 BLY A01123510 09/05/2018   Book
    Perpustakaan Sik Pinjaman Kanak-kanak 07/11/2007     K 823 BLY A01207256 09/05/2018   Book
    Perpustakaan Yan Pinjaman Kanak-kanak 07/11/2007     K 823 BLY A01207255 09/05/2018   Book